| Tag |
First Indicator |
Second Indicator |
Subfields |
| LEADER |
00000cam a2200000Ii 4500 |
| 001 |
in00003270821 |
| 005 |
20211120171301.0 |
| 006 |
m o d f |
| 007 |
cr bn||||||||| |
| 008 |
130618s2013 dcua o f000 0 eng d |
| 035 |
|
|
|a (OCoLC)ocn849361895
|
| 040 |
|
|
|a GPO
|b eng
|e rda
|c GPO
|d GPO
|d MvI
|d MvI
|d UtOrBLW
|
| 043 |
|
|
|a n-us---
|
| 049 |
|
|
|a WWW
|
| 074 |
|
|
|a 0559 (online)
|
| 086 |
0 |
|
|a GS 1.2:C 76/3
|
| 110 |
1 |
|
|a United States.
|b General Services Administration.
|b Office of Audits,
|e issuing body.
|
| 245 |
1 |
0 |
|a Improper management intervention in multiple award schedule contracts :
|b Federal Supply Schedule 70 - information technology contracts, Federal Acquisition Service.
|
| 264 |
|
1 |
|a Washington, DC :
|b Office of Audits, Office of Inspector General, United States General Services Administration,
|c [2013]
|
| 300 |
|
|
|a 1 online resource (25 unnumbered pages)
|
| 336 |
|
|
|a text
|b txt
|2 rdacontent
|
| 337 |
|
|
|a computer
|b c
|2 rdamedia
|
| 338 |
|
|
|a online resource
|b cr
|2 rdacarrier
|
| 500 |
|
|
|a Title from title screen (viewed on June 18, 2013).
|
| 500 |
|
|
|a "Report Number A120161/Q6/P13003."
|
| 500 |
|
|
|a "June 4, 2013."
|
| 610 |
1 |
0 |
|a United States.
|b General Services Administration
|x Appropriations and expenditures
|x Auditing.
|
| 650 |
|
0 |
|a Public contracts
|z United States
|x Management
|x Evaluation.
|
| 610 |
1 |
0 |
|a United States.
|b Federal Acquisition Service
|x Appropriations and expenditures
|x Auditing.
|
| 856 |
4 |
0 |
|u https://purl.fdlp.gov/GPO/gpo37534
|t 0
|
| 999 |
|
|
|a MARS
|
| 999 |
f |
f |
|s 11daf7cc-9ede-3741-884f-23a9f994a333
|i c301dcec-087a-3175-9dba-2a71ad1cba3f
|t 0
|
| 952 |
f |
f |
|a Texas A&M University
|b College Station
|c Electronic Resources
|d Available Online
|t 0
|e GS 1.2:C 76/3
|h Superintendent of Documents classification
|
| 998 |
f |
f |
|a GS 1.2:C 76/3
|t 0
|l Available Online
|